000 00584nam a2200217 i 4500
001 C2-0222095
003 PPAK
005 20180728151431.0
008 991211s1954 xxu |||| ||||| | eng d
040 _aPPAK
_beng
_cPPAK
_erda
082 0 4 _a823
_223
090 0 0 _a823
_bBEL
_dKAH
100 1 _aBellow, Saul,
_eauthor
245 1 4 _aThe adventures of Augie March
264 1 _aUnited States :
_bWeidenfeld & Nicolson ,
_c1954
300 _a617 pages. ;
_c18 cm
336 _2rdacontent
_atext
337 _2rdamedia
_aunmediated
338 _2rdacarrier
_avolume
942 _ddc
_cB
999 _c143558
_d143558